Statistics for Woodstock Performers

Click here to take the quiz!

General Stats

  • This quiz has been taken 7,175 times
    (7,173 since last reset)
  • The average score is 9 of 32

Answer Stats

SongMusical Act% Correct
Star Spangled BannerJimi Hendrix
91%
My GenerationThe Who
75%
Piece of My HeartJanis Joplin
75%
White RabbitJefferson Airplane
62%
Proud MaryCreedence Clearwater
Revival
58%
With a Little Help from
My Friends
Joe Cocker
51%
Suite: Judy Blue EyesCrosby, Stills, Nash, & Young
41%
Evil WaysSantana
40%
The WeightThe Band
38%
Everyday PeopleSly & the Family Stone
31%
Turn on Your LovelightGrateful Dead
29%
Rāga Puriya-Dhanashri Ravi Shankar
29%
Sweet Sir GalahadJoan Baez
28%
Crystal BluesCountry Joe and the Fish
26%
Going Up the CountryCanned Heat
24%
I-Feel-Like-I'm-Fixin'-
To-Die Rag
Country Joe McDonald
23%
FreedomRichie Havens
21%
Coming into Los AngelesArlo Guthrie
21%
Get a JobSha-Na-Na
17%
You've Made Me So
Very Happy
Blood, Sweat, & Tears
15%
I'm Going HomeTen Years After
15%
Beautiful PeopleMelanie
11%
Younger GenerationJohn Sebastian
10%
If I Were a CarpenterTim Hardin
9%
For Yasgur's FarmMountain
9%
What's WrongSweetwater
8%
Mean Town BluesJohnny Winter
8%
No Amount of LovingPaul Butterfield Blues Band
8%
Driftin'Quill
7%
JenniferBert Sommer
7%
This MomentThe Incredible String Band
7%
Too Much ThinkingKeef Hartley Band
6%

Score Distribution

Percentile by Number Answered

Percent of People with Each Score

Your Score History

You have not taken this quiz since the last reset